| 000 | 00895nam a22002657a 4500 | ||
|---|---|---|---|
| 999 |
_c169514 _d169514 |
||
| 005 | 20191122111739.0 | ||
| 010 | _aENG-126977 | ||
| 020 |
_a9789389146738 _c680.00 |
||
| 035 | _aEN-110509 | ||
| 037 | _bDBAD/PUB | ||
| 082 | _a336.954 | ||
| 245 |
_aInternational conference on tax performance of central government in India / _ced.by Mercy Henry ...[et al] |
||
| 260 |
_aTamil Nadu _bShanlax Publications _c2019 |
||
| 270 |
_a61, 66 T.P.K. Main Road _bVasanta Nagar, Madurai _e625003 _k0452-4208765 _mpublisher@shanlaxpublication.com |
||
| 300 |
_a359p. _c24cm(pbk) |
||
| 500 | _aIncludes references | ||
| 700 | _aHenry, Mercy | ||
| 700 | _aAsma, L.Noor | ||
| 700 | _aA.Shunmuga Priya | ||
| 700 | _aJothi, R. Aruna | ||
| 700 | _aRahmath Ameena Begum | ||
| 700 | _aBellinta, A. Nesa Agnes | ||
| 700 | _aJeyaseli, Hepzibah Vinsyah | ||
| 942 |
_2ddc _cEN _h336.954 _mINT |
||